000
00263nam a2200109Ia 4500
008
231129s9999||||xx |||||||||||||| ||spa||
082
_a
833.912 K718v
100
_a
Knittel John.
245
0
_a
Vía mala
264
_a
S.L: Circulo de lectores
942
_2
ddc
_c
BKS
999
_c
26206
_d
26206